000 00718nam a2200169 a 4500
008 120416s0000 ||||||||||||||||| || u
020 _a0408003723
050 _aTH 3301 Hut
100 _aHutchinson, B. D
245 1 0 _aMaintenance and repair of buildings, and their internal environment
260 _aLondon
_bButterworths
_c1981
300 _av, 361p. : ill.
350 _a0.00
700 _aEllis, N
995 _aMAIN LIBRARY OPEN ACCESS
_D0.00
_e709255
_FCBU-MAIN LIBRARY (Kitwe)
_H2
_I17.20
_jTH 3301 Hut
_M1
_UAVAILABLE
_y015379
_ZMain Library Open Access Collection
995 _aBINDERY (DAMAGED)
_D0.00
_e709254
_FCBU-MAIN LIBRARY (Kitwe)
_H1
_I17.20
_jTH 3301 HUT
_M2
_UDAMAGED
_y020531
_ZMain Library Open Access Collection
999 _c82323
_d82323